Dr. S. R. Lasker Library Online Catalogue

Home      Library Home      Institutional Repository      E-Resources      MyAthens      EWU Home

Normal view MARC view

Entry Personal Name

Number of records used in: 1

001 - CONTROL NUMBER

  • control field: 11940

003 - CONTROL NUMBER IDENTIFIER

  • control field: BD-DhEWU

005 - DATE AND TIME OF LATEST TRANSACTION

  • control field: 20140612204225.0

008 - FIXED-LENGTH DATA ELEMENTS

  • fixed length control field: 140612|| aca||aabn | a|a d

040 ## - CATALOGING SOURCE

  • Original cataloging agency: BD-DhEWU
  • Transcribing agency: BD-DhEWU

100 ## - HEADING--PERSONAL NAME

  • Personal name: Fink, Conrad C.

670 ## - SOURCE DATA FOUND

  • Source citation: Work cat.: (BD-DhEWU)158: Fink, Conrad C., Introduction to magazine writing /, c1994.